000 00557nam a2200205 a 4500
005 20140310183146.0
008 020824s19uu xx 00 eng d
020 _a971555220x
020 _a9715551778
050 _aHF 1416.5
_b.Es32 1999
100 _aEsguerra, Renato S.
245 _aExport marketing :
_bgoing global /
_cRenato S. Esguerra.
250 _a2nd ed.
260 _aManila :
_bDe La Salle University Press,
_c1999.
300 _a181 p. :
_c22 cm.
521 _aBSBA
650 _aMarketing
942 _cBK
_2lcc
_kLOC
999 _c19543
_d19543